00465nam a22001337a 4500008004100000020001500041100002500056245011100081250001200192260003800204300001700242650004800259650002400307180629b xxu||||| |||| 00| 0 eng d a0803612945 aDoenges, Marilynn E. aNursing Care Plans bGuidelines for individualizing client care across the life span cMarilynn E. Doenges a7th ed. aPhiladelphiabDavis Companyc2006 axxxiv, 988p. aintensive nursing care vhandbooks, manuals anursing care plans